| 000 | 00821nam a2200217Ii 4500 | ||
|---|---|---|---|
| 003 | JO-AjNU | ||
| 008 | 230605s9999||||xx |||||||||||||| ||und|| | ||
| 017 | _a1986/866 | ||
| 040 |
_aJO-AjNU _bara _erda _cJO-AjNU |
||
| 041 | _aara | ||
| 050 | 1 | 4 | _aPJ8042.D47 1986 |
| 100 | 3 |
_aتحرير خلف،أحمد ؛ عائد خصباك, _eauthor _940223 |
|
| 245 | 0 | 0 | _aدراسات في القصة القصيرة والروايات 1980-1985 |
| 264 | 3 | 1 | _aبغداد: دار الشؤون الثقافية، 1986 |
| 300 | _a263ص | ||
| 336 |
_atext _btxt _2rdacontent |
||
| 337 |
_aunmediated _bn _2rdamedia |
||
| 338 |
_avolume _bnc _2rdacarrier |
||
| 490 | 0 | _aكتاب الأقلام: سلسلة تصدرها مجلة الأقلام | |
| 650 | 4 |
_aالأدب العربي - قصص - روايات - تحليل ونقد _940224 |
|
| 999 |
_aA17051 _c20619 _d20619 |
||